000 00366nam a22001457a 4500
020 _qPB.
040 _cFIZZA ISHAQ
082 _a624.2029
_bJAG
100 _a Jagadeesh, T.R.
_926121
245 _aDesign of Bridge Structures /
_cT.R. Jagadeesh.
250 _a2ND ED.
260 _aNew Delhi :
_bPHI,
_c2009.
300 _a342p. : ill. ;
_c 23cm
942 _2ddc
_cBK
999 _c616700
_d616700